000
00476nam a2200133Ia 4500
008
100328s9999 xx 000 0 und d
082
_b
24678
100
_a
पाटील शरद
245
_a
दासशुद्रांची गुलामगिरी
260
_b
प्राज्ञ
630
_a
दासशुद्रांची गुलामगिरी
730
_a
दासशुद्रांची गुलामगिरी
942
_c
BOOK
999
_c
517900
_d
517897